00557nam a22001697a 4500003000900000005001700009008004100026040003300067080001200100100002000112245005600132260004700188300003000235942000700265952009600272999001900368LK-CoDNM20240814122436.0240814b |||||||| |||| 00| 0 eng d aLK-CoDNMdLK-CoDNMeLK-CoDNM a10bU19 aKNOWILES L.C .A aEconomic Development Of The British Overseas Empire alondonbgeorge routledge & sons, ltdc1928 axv, 555p. : map ; 23 cm  cBK 001041708OBCaMAINbMAINcREFd2024-08-14l0o10 U19pOB5277r2024-08-14w2024-08-14yBK c147638d147638